|
|
|
|
| LEADER |
00000nam a22000007a 4500 |
| 005 |
20190815133630.0 |
| 007 |
cr|||| |||| |
| 008 |
190815s2005 pe |||||s|||| 00||0 spa d |
| 020 |
|
|
|a 9972-733-89-0
|
| 035 |
|
|
|a 24078
|
| 040 |
|
|
|a vLex
|
| 090 |
|
|
|c 9209
|d 9209
|
| 100 |
1 |
|
|a Mosquera Monelos, Susana
|
| 245 |
1 |
2 |
|a El derecho de libertad de conciencia y de religin̤ en el ordenamiento jurd̕ico peruano
|h [Recurso electrn̤ico] /
|c Susana Mosquera Monelos
|
| 256 |
|
|
|a Servicio en ln̕ea
|
| 260 |
|
|
|a Lima:
|b Palestra Editores,
|c 2005
|
| 300 |
|
|
|a 1 recurso electrn̤ico
|
| 506 |
1 |
|
|a Disponible solo en los productos indicados
|d vLex Global
|d vLex Global (Academic Edition, excluding Law Schools)
|d vLex Global (U.S. Academic Edition, Law Schools)
|d vLex Global (U.S. Academic Edition, excluding Law Schools)
|d vLex Global (Academic Edition, Law Schools)
|
| 650 |
0 |
4 |
|a Derecho Constitucional
|z Per︢
|
| 740 |
0 |
|
|a vLex Libros (Servicio en ln̕ea)
|
| 856 |
4 |
0 |
|u http://vlex.com/source/derecho-libertad-conciencia-religion-ordenamiento-juridico-peruano-24078
|z Acceso restringido
|
| 942 |
|
|
|c BOOK
|
| 999 |
0 |
|
|a Constitutional right
|